000 00371nam a22001577a 4500
003 OSt
005 20211005155225.0
008 211005b |||||||| |||| 00| 0 eng d
020 _a018091788
040 _chu
082 _a330
100 _aKOLSTAD CHARLES. D
_91555
245 _aIntermediate Environmental Econmics
300 _aix468
_bpc
_c26cm
942 _2ddc
_cBOOKS
_n0
999 _c9683
_d9683